Modelo de desarrollo agrícola para Centroamérica /
Descripción de la técnica de elaboración de modelos para el sector agrícola en Centroamérica, establece la necesidad de caracterizar las actividades del sector agrícola como prerrequisito para plantear su desarrollo e integración en el área, así como la de construir modelos para cuantificar las vent...
Guardat en:
| Autor principal: | |
|---|---|
| Autor corporatiu: | |
| Altres autors: | , , , |
| Format: | Text |
| Publicat: |
Guatemala:
SIECA
|
| Matèries: | |
| Etiquetes: |
Afegir etiqueta
Sense etiquetes, Sigues el primer a etiquetar aquest registre!
|
MARC
| LEADER | 00000 a a2200000 04500 | ||
|---|---|---|---|
| 001 | 19798 | ||
| 003 | |||
| 040 | |||
| 090 | |a 079901 | ||
| 100 | |a Pomareda, Carlos F. | ||
| 110 | |a SIECA | ||
| 245 | |a Modelo de desarrollo agrícola para Centroamérica / |c Carlos F. Pomareda | ||
| 260 | |a Guatemala: |b SIECA | ||
| 300 | |a pag. irreg.; v. 6 | ||
| 520 | |a Descripción de la técnica de elaboración de modelos para el sector agrícola en Centroamérica, establece la necesidad de caracterizar las actividades del sector agrícola como prerrequisito para plantear su desarrollo e integración en el área, así como la de construir modelos para cuantificar las ventajas comparativas en la localización regional de la producción y procesamiento agrícolas, presenta metodológicamente las fases para la construcción de un modelo centroamericano que incluye las posibilidades de producción agrícola y las ecuaciones de demanda para la producción del sector./ACM | ||
| 650 | |a AMERICA CENTRAL | ||
| 650 | |a SECTOR AGRICOLA | ||
| 650 | |a PRODUCCION AGRICOLA | ||
| 650 | |a MODELOS ECONOMICOS | ||
| 650 | |a PUB. SIECA | ||
| 700 | |a Cappi, Carlo | ||
| 700 | |a Fletcher, Lee | ||
| 700 | |a Norton, Roger | ||
| 700 | |a García Marenco, Ivan | ||
| 999 | |c 10265 |d 10265 | ||
